| 000 | 00527nas a2200193 i 4500 | ||
|---|---|---|---|
| 001 | 173334 | ||
| 003 | ES-MaACL | ||
| 005 | 20250217134849.0 | ||
| 008 | 091126d1971 sp | | |spa d | ||
| 022 | _a2482-1160 | ||
| 080 | _a338.45(460):669.1 | ||
| 245 | 0 | 0 | _aAnuario de la industria siderometalúrgica. |
| 260 |
_aBarcelona : _bAbarca, _c[1971] |
||
| 300 |
_a29,502 p. ; _c26 cm. |
||
| 650 | 4 |
_aIndustria siderúrgica- _zEspaña. _913733 |
|
| 852 | 4 |
_aES-MaACL _jC-41856 |
|
| 866 | 0 | _o1971. | |
| 999 |
_c173334 _d173334 |
||